| 000 | 02854cam a22004817i 4500 | ||
|---|---|---|---|
| 999 |
_c330944 _d330944 |
||
| 001 | 18288165 | ||
| 003 | NUST | ||
| 005 | 20180117090028.0 | ||
| 008 | 140903t20162016maua b 001 0 eng | ||
| 010 | _a 2014950260 | ||
| 020 | _a1305087305 paperback | ||
| 020 | _a9781305087309 paperback | ||
| 035 | _a(OCoLC)ocn903291664 | ||
| 040 |
_aAU@ _beng _cAU@ _erda _dOCLCO _dNHM _dYDXCP _dOCLCF _dUMS _dDLC |
||
| 042 | _alccopycat | ||
| 050 | 0 | 0 |
_aBF637.C6 _bJ34 2016 |
| 082 | 0 | 4 |
_a158.3/5 _223 |
| 100 | 1 |
_aJacobs, Edward E., _d1944- _eauthor. _94169 |
|
| 245 | 1 | 0 |
_aGroup counseling : _bstrategies and skills / _cEd E. Jacobs, West Virginia University, Christine J. Schimmel, West Virginia University, Robert L.Masson, West Virginia University (retired), Riley L. Harvill, THe HarBeck Company. |
| 250 | _a7th edition. | ||
| 264 | 1 |
_aBoston, MA : _bCengage learning, _c[2012] |
|
| 264 | 4 | _c©2016 | |
| 300 |
_axviii, 530 pages : _billustrations ; _c24 cm |
||
| 336 |
_atext _btxt _2rdacontent |
||
| 337 |
_aunmediated _bn _2rdamedia |
||
| 338 |
_avolume _bnc _2rdacarrier |
||
| 504 | _aIncludes bibliographical references and index. | ||
| 505 | 0 | _aChapter 1 Introduction -- Chapter 2 Stages of groups, group process, and therapeutic forces -- Chapter 3 Purpose of groups -- Chapter 4 Planning -- Chapter 5 Getting started: the beginning stage and beginning phase -- Chapter 6 Basic skills for group leaders -- Chapter 7 Focus -- Chapter 8 Cutting off and drawing out -- Chapter 9 Rounds and dyads -- Chapter 10 Exercises -- Chapter 11 Introducing, conducting, and processing exercises -- Chapter 12 Leading the middle stage of a group -- Chapter 13 Using counseling theories in groups -- Chapter 14 Counseling and therapy in groups -- Chapter 15 Closing a session or group -- Chapter 16 Dealing with problem situations -- Chapter 17 Working with specific populations. | |
| 650 | 0 |
_aGroup counseling. _94170 |
|
| 650 | 0 |
_aLeadership. _9300 |
|
| 650 | 7 |
_aGroup counseling. _2fast _0(OCoLC)fst00948370 _94170 |
|
| 650 | 7 |
_aLeadership. _2fast _0(OCoLC)fst00994701 _9300 |
|
| 700 | 1 |
_aSchimmel, Christine J., _eauthor. _94171 |
|
| 700 | 1 |
_aMasson, Robert L., _d1936- _eauthor. _94172 |
|
| 700 | 1 |
_aHarvill, Riley L., _d1955- _eauthor. _94173 |
|
| 856 | 4 | 2 |
_3Contributor biographical information _uhttp://www.loc.gov/catdir/enhancements/fy1516/2014950260-b.html |
| 856 | 4 | 2 |
_3Publisher description _uhttp://www.loc.gov/catdir/enhancements/fy1516/2014950260-d.html |
| 856 | 4 | 1 |
_3Table of contents only _uhttp://www.loc.gov/catdir/enhancements/fy1516/2014950260-t.html |
| 906 |
_a7 _bcbc _ccopycat _d2 _encip _f20 _gy-gencatlg |
||
| 942 |
_2ddc _cBK |
||